Power struggle in the Hindu Kush : (Record no. 542501)
[ view plain ]
| 000 -LEADER | |
|---|---|
| fixed length control field | 00465nam a2200145 a 4500 |
| 082 00 - DEWEY DECIMAL CLASSIFICATION NUMBER | |
| Classification number | 320.9581 |
| Author Mark | MAT |
| -- | L-37,P-182. |
| 100 1# - MAIN ENTRY--PERSONAL NAME | |
| Personal name | Matinuddin, Kamal. |
| 9 (RLIN) | 5530 |
| 245 10 - TITLE STATEMENT | |
| Title | Power struggle in the Hindu Kush : |
| Remainder of title | Afghanistan, 1978-1991 / |
| Statement of responsibility, etc. | Kamal Matinuddin. |
| 250 ## - EDITION STATEMENT | |
| Edition statement | 1st ed. |
| 260 ## - PUBLICATION, DISTRIBUTION, ETC. | |
| Place of publication, distribution, etc. | Lahore, Pakistan : |
| Name of publisher, distributor, etc. | Wajidalis, |
| Date of publication, distribution, etc. | c1991. |
| 300 ## - PHYSICAL DESCRIPTION | |
| Extent | ix, 377 p. : |
| Other physical details | ill., maps ; |
| Dimensions | 23 cm. |
| 526 ## - STUDY PROGRAM INFORMATION NOTE | |
| Program name | 0 |
| Interest level | 0 |
| Reading level | 0 |
| Title point value | 320_958100000000000_MAT |
| 650 ## - SUBJECT ADDED ENTRY--TOPICAL TERM | |
| Topical term or geographic name entry element | MCE |
| 9 (RLIN) | 379 |
| 942 ## - ADDED ENTRY ELEMENTS (KOHA) | |
| Source of classification or shelving scheme | |
| Koha item type | Book |
| Withdrawn status | Lost status | Source of classification or shelving scheme | Damaged status | Not for loan | Permanent Location | Current Location | Date acquired | Total Checkouts | Full call number | Barcode | Date last seen | Price effective from | Koha item type |
|---|---|---|---|---|---|---|---|---|---|---|---|---|---|
| Military College of Engineering (MCE) | Military College of Engineering (MCE) | 01/01/2014 | 320.9581 MAT | MCE-28952 | 01/01/2014 | 01/01/2014 | Book |
